000 004310000a22001690004500
003 MACL
005 20151227151331.0
008 151227b xxu||||| |||| 00| 0 eng d
040 _aMACL
_cMACL
041 _aEnglish
082 _a030
100 _aThe Educational Writings
_923390
245 _aThe Concise Household Encyclopedia
260 _bThe Educational Writings
650 _aEncyclopaedia
_923391
942 _cBK
_k030
_2ddc
999 _c36138
_d36138